| 000 | 00306nam a22001097a 4500 | ||
|---|---|---|---|
| 999 |
_c252218 _d252217 |
||
| 020 | _a9781401839659 | ||
| 100 | _aIVANOV L. LOUISE & BLUE CAROLYN L. | ||
| 245 | _aPublic Health Nursing: Policy, Politics and Practice 1st | ||
| 260 |
_aUSA _bDELMAR CENGAGE LEARNING _c2008 |
||
| 300 |
_a791 _bILL |
||
| 942 | _cBK | ||